[Event "5th EKA IIFL Investment 2019"]
[Site "Mumbai"]
[Date "2020.01.01"]
[Round "3.44"]
[White "Pranav, Anand"]
[Black "Dere Pushkar"]
[Result "1-0"]
[WhiteElo "2309"]
[BlackElo "2061"]
[Annotator "TA"]
[PlyCount "103"]
[EventDate "2019.12.30"]
[EventType "swiss"]
[EventCountry "IND"]
[SourceTitle "playchess.com"]
[Source "ChessBase"]
[SourceQuality "1"]

{[%evp 28,103,19,21,17,0,0,0,53,30,45,31,43,27,57,31,61,0,29,-15,-17,-15,0,0,15,20,83,79,81,66,78,31,37,0,20,14,148,81,120,93,110,95,179,95,133,42,193,88,128,81,180,173,128,85,152,133,134,126,165,159,164,160,189,183,196,254,256,253,260,253,246,249,442,415,1550,1570,1919,1654]} 1. e4 c6 2. d4 d5 3. Nc3 dxe4 4. Nxe4 Bf5 5. Ng3 Bg6 6. h4 h6 7. Nf3 Nd7 8. Bd3 Bxd3 9. Qxd3 e6 10. Bd2 Qc7 11. O-O-O Ngf6 12. Kb1 O-O-O 13. Qe2 Bd6 14. Ne4 Nxe4 15. Qxe4 Rhe8 {B19: Classical Caro-Kann: 4...Bf5 main line} 16. c4 Nf6 17. Qe2 Kb8 $146 (17... e5 $11) ({Predecessor:} 17... c5 18. Bc3 cxd4 19. Nxd4 a6 {½-½ (18) Radulov,I (2500)-Bukic,E (2480) Belgrade 1977}) 18. Bc3 Ka8 19. h5 Nd7 20. Ne5 f6 21. Nf3 e5 {next ...exd4 is good for Black.} 22. d5 (22. Rhe1 $14) 22... cxd5 23. cxd5 Nb6 24. Ba5 Qc5 25. Bxb6 Qxb6 26. Nh4 Bc5 (26... Rd7 $11) 27. Nf5 $1 $16 Rd7 28. Rh3 Qd8 {[#]} (28... Bxf2 $2 29. Rb3 $18) 29. d6 $1 {[%mdl 512]} e4 $1 {[%cal Rc5d6]} (29... Bxd6 30. Rhd3) 30. Rb3 Re5 31. g4 $36 {[%mdl 2048] Black is under pressure.} a6 (31... Bxd6 $11 {keeps the balance.} 32. Qd2 Rc5 33. Nxd6 Rc6) 32. f4 (32. Rc3 $142) 32... exf3 33. Qxf3 Qe8 34. a3 Re2 (34... Qe6 $16) 35. Ka2 (35. Rc3 $18 Bb6 36. Ne7 Rexe7 37. dxe7 Rxe7 38. Rd6 Re1+ 39. Ka2) 35... Qe6 36. Qc3 (36. Qd5 $16 Qe5 37. Nxg7 Rxg7 38. d7 Qxd5 39. Rxd5) 36... Bb6 $2 {[#]} (36... b6 $14) 37. Qd3 (37. Nxg7 $1 $18 {[%mdl 512] has better winning chances.} Rxg7 38. d7 $1 {[%mdl 512]}) 37... Re4 38. Qf3 Qc4 (38... Re5 $16 {was worth a try.}) 39. Ka1 $18 Rf4 40. Qh3 Ba5 (40... Ka7 $142) 41. Rf3 Re4 42. Re3 $1 Bb6 43. Rxe4 Qxe4 44. Qg3 Bc5 45. Ka2 Qc4+ 46. Qb3 $1 {[%cal Rb3c4]} Qxg4 47. Qg8+ $1 Ka7 48. Qd5 Bb6 {[#]} 49. Re1 $1 {[%cal Re1e7][%mdl 1024] Threatens to win with Re7. White has strong compensation.} Bd8 $2 ({Avoid the trap} 49... Qxh5 $2 {[#]} 50. Re7 $1 $18 {[%mdl 512]}) (49... Rd8 {was called for.} 50. Re7 {[%mdl 64] Double Attack} Rb8 51. Nxg7 (51. Rxg7 Qxh5 52. Rh7 Qg6 $16) 51... Bd8) 50. Qe6 Qa4 (50... Ba5 $142 51. Re4 (51. Qxd7 Bxe1 52. Qe6 Ba5 $11) 51... Qg2) 51. Re4 Qa5 52. Rb4 {Accuracy: White = 47%, Black = 20%.} 1-0

[Event "5th EKA IIFL Investment 2019"]
[Site "Mumbai"]
[Date "2020.01.01"]
[Round "3.45"]
[White "Senthil, Maran K"]
[Black "Mahindrakar Indrajeet"]
[Result "1-0"]
[WhiteElo "2305"]
[BlackElo "2042"]
[Annotator "TA"]
[PlyCount "95"]
[EventDate "2019.12.30"]
[EventType "swiss"]
[EventCountry "IND"]
[SourceTitle "playchess.com"]
[Source "ChessBase"]
[SourceQuality "1"]

{[%evp 22,95,13,17,20,-2,54,48,62,74,110,105,105,98,107,96,110,97,142,95,94,95,80,47,43,-91,229,222,338,322,1058,1054,1201,1232,1225,1291,1297,1295,1312,1310,1225,1196,5597,1067,964,668,659,652,769,764,756,773,29976,29977,29977,29978,29978,29979,29979,29980,29980,29981,29981,29980,29982,29979,29982,29983,29983,29984,29984,29984,29984,29984,29984,29983]} 1. d4 Nf6 2. c4 g6 3. g3 Bg7 4. Bg2 O-O 5. Nf3 d6 6. O-O Nbd7 7. Qc2 e5 8. Rd1 Re8 9. Nc3 c6 10. e4 Qe7 11. h3 exd4 12. Nxd4 Nc5 {[%cal Rf6e4] E68: King's Indian: Fianchetto: 6...Nbd7 7 0-0 e5 8 e4} 13. Re1 Nfd7 (13... Be6 $11) 14. Be3 $14 Ne5 {White is slightly better.} 15. b3 $1 h5 16. Rad1 a5 17. f4 Ned7 18. Bf2 Nf8 {[#]} 19. Nf3 $146 ({Predecessor:} 19. a3 Nfe6 20. Nf3 Na6 21. Rb1 Nac7 22. Na4 Ra6 23. Nb6 Nf8 24. f5 c5 25. Nxc8 Rxc8 26. fxg6 Nxg6 27. e5 dxe5 28. Qf5 h4 29. Qxc8+ {1-0 (29) Alonso Rosell,A (2547)-Lorenzo de la Riva,L (2423) Barcelona 2013}) 19... Nfe6 20. e5 dxe5 21. Nxe5 Qf8 22. Kh2 {aiming for f5.} h4 23. gxh4 (23. f5 $14 {stays ahead.}) 23... Bh6 $2 {[%mdl 8192] [#]} (23... Nxf4 $17 {and life is bright.} 24. Bxc5 (24. Nxg6 $2 Nxg6 25. Rxe8 Qxe8 $19) 24... Qxc5) 24. Nxg6 $1 $18 {[%mdl 512]} fxg6 (24... Qg7 $142 25. Bxc5 fxg6) 25. Qxg6+ Kh8 $2 (25... Bg7 26. Bxc5 Qxf4+ 27. Kh1 Qf7 28. Qxf7+ Kxf7) 26. f5 Bd7 27. fxe6 Rxe6 28. Rxe6 Bxe6 29. Bxc5 Qf4+ 30. Kh1 {[#] Intending Be4 and mate.} Bg7 31. Qxe6 Bxc3 32. Be3 Qxh4 33. Qh6+ Qxh6 34. Bxh6 a4 35. Be4 axb3 36. axb3 Ra1 37. Rxa1 {White mates.} Bxa1 38. Kg2 Kg8 39. Bg6 b5 40. cxb5 cxb5 41. Kf3 Bc3 42. Ke4 Be1 43. Kd5 Bc3 44. h4 Be1 45. h5 b4 46. Kc4 Kh8 47. Be3 Kg7 48. Bc5 {Accuracy: White = 51%, Black = 22%.} 1-0

[Event "5th EKA IIFL Investment 2019"]
[Site "Mumbai"]
[Date "2020.01.01"]
[Round "3.46"]
[White "Thakur, Akash"]
[Black "Ghelani Dhairya"]
[Result "1-0"]
[WhiteElo "2300"]
[BlackElo "2027"]
[Annotator "TA"]
[PlyCount "89"]
[EventDate "2019.12.30"]
[EventType "swiss"]
[EventCountry "IND"]
[SourceTitle "playchess.com"]
[Source "ChessBase"]
[SourceQuality "1"]

{[%evp 9,89,-1,29,37,35,32,31,0,37,27,55,52,56,62,39,37,43,39,49,19,54,36,55,80,68,28,18,0,0,0,0,-22,-4,-35,0,0,0,-35,-21,-28,-52,-55,79,87,82,24,79,88,160,90,118,108,137,134,187,179,181,179,173,180,164,171,245,236,231,257,287,247,317,289,347,296,334,308,556,530,711,696,1509,1502,1324,1322]} 1. d4 Nf6 2. Bf4 e6 3. e3 c5 4. c3 (4. Nd2 cxd4 5. exd4 Be7 6. Ngf3 O-O 7. Bd3 b6 8. O-O Bb7 9. Re1 d6 10. c3 a6 11. Ng5 h6 12. Nge4 Nxe4 13. Nxe4 Bxe4 14. Bxe4 d5 15. Bc2 Bg5 16. Qd3 g6 17. Rxe6 {1-0 (17) Aronian,L (2767)-Giri,A (2782) chess.com INT 2018}) 4... Nc6 5. Nd2 cxd4 6. exd4 {A45: Trompowsky Attack} d6 7. Ngf3 Be7 8. Bd3 {White is slightly better.} O-O 9. Qe2 Re8 10. O-O b6 $146 ({Predecessor:} 10... e5 11. dxe5 dxe5 {0-1 (31) Gebhard,L (1472)-Brito Garcia,A (2339) Isla de la Palma 2018}) 11. Rfe1 Bb7 12. Rad1 Bf8 13. Bg5 Be7 14. Nf1 Nd5 15. Bc1 Bf6 16. Ng3 g6 17. Bb1 Bg7 18. c4 Nf6 19. Bg5 {With the idea Ne4.} Qc7 20. b3 Rac8 21. Qe3 Nb8 22. Qf4 Nbd7 23. Ne4 (23. Bd3 {seems wilder.} d5 24. Qd2 dxc4 25. Bxc4 Qd6 26. a4) 23... Nxe4 24. Bxe4 f6 {Strongly threatening ...Bxe4.} 25. Bxb7 fxg5 (25... Qxb7 $15 26. Bh6 g5 27. Bxg5 e5 28. dxe5 fxg5 29. Nxg5 Nxe5) 26. Nxg5 $16 Qxb7 27. Qf7+ $1 Kh8 {[#]} 28. Nxh7 $1 {[%mdl 512] aiming for Ng5.} Qc7 {[#]} (28... Kxh7 $2 29. Rd3 $18) (28... Rb8 $142) 29. Qxg6 (29. Re3 $142 $1 {[%mdl 512] White wants to mate with Rh3.} Ne5 30. Qxc7 Rxc7 31. Rh3 (31. dxe5 Kxh7 32. exd6 Rd7 $15) 31... Nf3+ {[%mdl 64] Discovered Attack} 32. gxf3) 29... Nf8 30. Nxf8 Rxf8 31. Rxe6 $40 {[%mdl 128] White goes for the king.} d5 {[#]} (31... b5 $16) 32. Qh5+ $1 $18 ({And not} 32. cxd5 Qc2 $11) 32... Kg8 33. Qxd5 {Re7+ is the strong threat.} Qf7 {[#]} 34. Rd6 $1 Qxd5 35. Rxd5 ({Weaker is} 35. cxd5 Bxd4 36. h3 Bxf2+ 37. Kh1 Rc2 $17) 35... Rcd8 (35... Rce8 {might work better.}) 36. Rxd8 Rxd8 {[%mdl 4096] Endgame KRB-KR} 37. d5 Kf7 38. f4 Ke7 39. Kf2 Kd6 40. Re1 Bd4+ 41. Kf3 a5 $2 (41... Rh8 {was worth a try.} 42. Re6+ Kd7) 42. Re6+ {White is clearly winning.} Kc5 43. Ke4 {Black must now prevent a3.} Bg1 44. a3 {[%csl Gd5][%cal Re6c6]} Rc8 45. h4 {Accuracy: White = 69%, Black = 37%.} 1-0

[Event "5th EKA IIFL Investment 2019"]
[Site "Mumbai"]
[Date "2020.01.01"]
[Round "3.47"]
[White "Sri Sai Baswanth P"]
[Black "Mohite, Ranveer"]
[Result "1/2-1/2"]
[WhiteElo "2027"]
[BlackElo "2281"]
[Annotator "TA"]
[PlyCount "134"]
[EventDate "2019.12.30"]
[EventType "swiss"]
[EventCountry "IND"]
[SourceTitle "playchess.com"]
[Source "ChessBase"]
[SourceQuality "1"]

{[%evp 20,134,6,9,10,16,8,9,8,8,79,14,21,21,13,23,9,8,11,15,25,27,49,8,7,8,8,13,15,22,63,9,6,0,0,4,8,17,70,-23,29,18,18,19,52,-40,-51,-52,-48,-49,-31,-41,0,-40,0,-44,-47,-90,47,40,191,187,183,175,376,398,398,397,398,398,389,392,375,249,234,241,237,168,168,168,167,176,204,167,205,167,167,167,167,167,167,167,167,167,167,167,167,0,0,0,0,0,0,0,0,0,0,0,0,0,0,0,0,0,0,0,0]} 1. c4 Nf6 2. g3 e5 3. Bg2 d5 4. cxd5 Nxd5 5. Nf3 Nc6 6. O-O Nb6 7. a3 a5 8. Nc3 Be7 9. d3 O-O 10. Be3 Be6 11. Rc1 a4 {A29: English Opening: Four Knights Variation with 4 g3} 12. Bxb6 cxb6 13. Nxa4 e4 $1 {[%cal Re4f3]} 14. Nd2 f5 (14... exd3 $11 15. exd3 Qd4) 15. Nc3 (15. dxe4 $16 Rxa4 16. Qxa4 Qxd2 17. exf5 Rxf5 18. Bxc6 bxc6 19. Qxc6) 15... Bg5 $11 16. Rb1 {[#]} Rf7 $146 ({Predecessor:} 16... Ne5 17. Nb3 Ng4 18. Qc2 Be3 19. dxe4 {1-0 (36) Nepomniachtchi,I (2742)-Aronian,L (2809) Geneva 2017}) 17. Nc4 Rd7 {Strongly threatening ...Bxc4.} 18. b3 Bf6 19. Nb5 exd3 20. exd3 Nd4 21. Nxd4 (21. Qe1 $5 {[%cal Rb5d4]}) 21... Bxd4 22. a4 Qf6 23. Qe2 Bf7 24. Rfe1 Bc3 25. Rec1 (25. Ne5 $14 Rc7 26. Nxf7 Bxe1 27. Bd5 Bxf2+ 28. Qxf2 Rxf7 29. Rc1 (29. Bxf7+ Kxf7 30. d4 Rd8 $11)) 25... Re8 26. Qc2 Bd4 27. Re1 Rf8 28. Na3 f4 (28... Bc3 $11) 29. Kh1 (29. Nb5 $14) 29... f3 (29... Bg6 $142 $1) 30. Bh3 Rd5 31. Re4 Qh6 32. Rh4 (32. Bg4 $14) 32... Rh5 $1 $36 {[%cal Rh5h4][%mdl 2048] Black has some pressure.} 33. Rxh5 Qxh5 (33... Bxh5 $6 34. Nb5 $14) 34. Bd7 $1 Qd5 {[%mdl 1024] Black has compensation.} 35. Bh3 $1 Qh5 36. Bd7 $1 Qd5 37. Bh3 $1 Re8 38. Nb5 {[#]} Bc5 (38... Bxf2 $1 $17 {[%mdl 512]} 39. Qxf2 Re2) 39. Bf1 $14 {Nc7 is the strong threat.} Re2 $2 ({Black should try} 39... Qc6 $14) 40. Bxe2 $18 fxe2+ 41. Kg1 Qf3 $2 {[#]} (41... Qxb3 42. Nd4 (42. Qxb3 Bxb3 43. Nc3 Bd1 $16 {[%mdl 64] Promotion}) 42... Qxc2 43. Nxc2 h6) 42. Nd4 $1 {[%cal Rd4f3][%mdl 576] Double Attack} Qf6 (42... Bxd4 43. Qc8+) 43. b4 Qxd4 44. bxc5 {[%mdl 4096] Endgame KQR-KQB} Qb4 45. Qc1 (45. Rxb4 $2 {perishes.} e1=Q+ 46. Kg2 Qxb4 $19) 45... Qxa4 46. c6 Qxc6 47. Qxc6 bxc6 {KR-KB} 48. f3 Bg6 49. Kf2 Bxd3 50. Rxb6 Bb5 51. Rb7 h6 52. h4 h5 53. Re7 Kf8 54. Rd7 Kg8 55. g4 hxg4 56. fxg4 {aiming for h5.} g6 57. Re7 {And now Rc7 would win.} Kf8 58. Rxe2 $2 (58. Rc7 $18) 58... Bxe2 $11 {The position is equal.} 59. Kxe2 $18 {KPP-KPP} Ke8 60. Ke3 Ke7 61. Kd3 Kd7 62. Kd4 Kd6 63. Kc4 Ke5 64. Kc5 Kf4 65. h5 $1 {[%cal Rh5h6]} gxh5 66. gxh5 {White wants to mate with h6.} Kg5 67. Kxc6 Kxh5 {Accuracy: White = 57%, Black = 56%.} 1/2-1/2

[Event "5th EKA IIFL Investment 2019"]
[Site "Mumbai"]
[Date "2020.01.01"]
[Round "3.48"]
[White "Manish Anto Cristiano F"]
[Black "Kavinda, Akila"]
[Result "1/2-1/2"]
[WhiteElo "2280"]
[BlackElo "2022"]
[Annotator "TA"]
[PlyCount "75"]
[EventDate "2019.12.30"]
[EventType "swiss"]
[EventCountry "IND"]
[SourceTitle "playchess.com"]
[Source "ChessBase"]
[SourceQuality "1"]

{[%evp 12,75,45,0,56,39,39,43,66,62,74,56,52,0,13,0,15,0,11,0,14,6,38,8,10,2,3,2,12,6,12,4,4,4,20,0,0,-13,0,0,0,0,0,0,0,0,0,0,0,0,0,0,0,0,0,0,0,0,0,0,0,0,0,0,0,0]} 1. e4 c5 2. Nf3 d6 3. d4 cxd4 4. Nxd4 Nf6 5. Nc3 a6 6. h3 e5 7. Nb3 h5 {B90: Sicilian Najdorf: Unusual White 6th moves, 6 Be3 Ng4 and 6 Be3 e5} (7... Be6 $11) (7... Be6 8. f4 exf4 9. Bxf4 Nc6 10. Qe2 Be7 11. O-O-O Qc7 12. g4 O-O 13. g5 Nd7 14. Qe3 Rac8 15. Kb1 {1-0 (60) Van Foreest,J (2612)-Nepomniachtchi,I (2763) Wijk aan Zee 2019}) 8. Be3 Be6 9. f4 Qc7 {White is slightly better.} 10. f5 Bc4 11. Bxc4 Qxc4 12. Qe2 $146 (12. Nd2 {is interesting.} Qc7 13. O-O b5 14. Qf3 Nbd7 15. Rfc1) ({Predecessor:} 12. Nd2 Qc6 13. Qe2 b5 14. O-O-O Nbd7 15. a3 Rc8 {½-½ (49) Kryvoruchko,Y (2640)-Nyzhnyk,I (2530) Cappelle-la-Grande 2011}) 12... Qxe2+ $1 13. Kxe2 Nbd7 14. Rad1 Rc8 15. Kf3 g6 (15... h4 {feels hotter.} 16. a3 Be7 17. Na5 Rc7 18. Rhe1 b6) 16. g4 {[#] Strongly threatening g5.} gxf5 17. exf5 {And now g5 would win.} hxg4+ {The position is equal.} 18. hxg4 Rxh1 19. Rxh1 {Hoping for Rh8.} d5 $1 20. g5 d4 21. Nxd4 $1 exd4 22. Bxd4 Ng8 23. f6 Bc5 24. Ne2 Bxd4 25. Nxd4 Rc5 26. Kf4 Kf8 27. c3 Ne5 28. Rd1 {Threatens to win with Nf5.} Ng6+ 29. Kg4 Ne5+ 30. Kf4 Ng6+ 31. Kg4 Ne5+ 32. Kg3 Rd5 33. b3 Ng6 34. Kg4 Ne5+ 35. Kf4 {Threatening Ke4.} Ng6+ 36. Kg4 Ne5+ 37. Kg3 Ng6 38. Kg4 {Accuracy: White = 55%, Black = 72%.} 1/2-1/2

[Event "5th EKA IIFL Investment 2019"]
[Site "Mumbai"]
[Date "2020.01.01"]
[Round "3.49"]
[White "Aaryan, Varshney"]
[Black "Kulasekara, D M T Kashyapa"]
[Result "1/2-1/2"]
[WhiteElo "2269"]
[BlackElo "1904"]
[Annotator "RC"]
[PlyCount "110"]
[EventDate "2019.12.30"]
[EventType "swiss"]
[EventCountry "IND"]
[SourceTitle "playchess.com"]
[Source "ChessBase"]
[SourceQuality "1"]
[TimeControl "40/5400+30:1800+30"]

1. d4 {[%emt 0:07:26]} Nf6 {[%emt 0:00:00]} 2. c4 {[%emt 0:00:14]} e6 {[%emt 0:00:04]} 3. Nf3 {[%emt 0:00:09]} d5 {[%emt 0:00:35]} 4. Nc3 {[%emt 0:00:12]} Be7 {[%emt 0:00:25]} 5. Bg5 {[%emt 0:00:13]} Nbd7 {[%emt 0:02:29]} 6. e3 {[%emt 0:00:13]} O-O {[%emt 0:03:39]} 7. Rc1 {[%emt 0:00:42]} c6 {[%emt 0:17:00]} 8. Bd3 {[%emt 0:04:23]} dxc4 {[%emt 0:03:15]} 9. Bxc4 {[%emt 0:00:19]} b5 {[%emt 0:02:34]} 10. Bd3 {[%emt 0:01:50]} a6 {[%emt 0:02:44]} 11. O-O {[%emt 0:05:53]} c5 {[%emt 0:11:40]} 12. Ne4 {[%emt 0:04:07]} c4 {[%emt 0:07:59]} 13. Bb1 {[%emt 0:04:52]} Bb7 {[%emt 0:03:47]} 14. Nxf6+ {[%emt 0:01:50]} Nxf6 {[%emt 0:02:25]} 15. Re1 {[%emt 0:06:37]} Ne4 {[%emt 0:21:09]} 16. Bxe7 {[%emt 0:08:56]} Qxe7 {[%emt 0:00:07]} 17. Qc2 {[%emt 0:01:53]} g6 {[%emt 0:05:07]} 18. Ne5 {[%emt 0:01:17]} f6 {[%emt 0:05:14]} 19. Nf3 {[%emt 0:01:47]} Qd6 {[%emt 0:01:24]} 20. Nd2 {[%emt 0:01:54]} Nxd2 {[%emt 0:02:17]} 21. Qxd2 {[%emt 0:00:02]} Rad8 {[%emt 0:01:37]} 22. Rcd1 {[%emt 0:00:35]} Rd7 {[%emt 0:01:57]} 23. f4 {[%emt 0:02:39]} Rfd8 {[%emt 0:01:27]} 24. Qf2 {[%emt 0:02:25]} Kg7 {[%emt 0:00:49]} 25. h4 {[%emt 0:00:39]} Qb6 {[%emt 0:01:03]} 26. h5 {[%emt 0:00:51]} gxh5 {[%emt 0:01:04]} 27. Qh4 {[%emt 0:01:29]} Qc6 {[%emt 0:00:38]} 28. Re2 {[%emt 0:01:07]} Qd5 {[%emt 0:00:57]} 29. e4 {[%emt 0:02:58]} Qc6 {[%emt 0:00:30]} 30. Re3 {[%emt 0:00:33]} e5 {[%emt 0:00:30]} 31. Rg3+ {[%emt 0:00:51]} Kh8 {[%emt 0:00:31]} 32. fxe5 {[%emt 0:00:51]} fxe5 {[%emt 0:00:30]} 33. d5 {[%emt 0:01:06]} Qb6+ {[%emt 0:00:30]} 34. Kh2 {[%emt 0:00:18]} Rf8 {[%emt 0:00:25]} 35. Qxh5 {[%emt 0:02:13]} Qd6 {[%emt 0:00:36]} 36. Re1 {[%emt 0:00:47]} Rdf7 {[%emt 0:00:29]} 37. Ree3 {[%emt 0:00:54]} Bc8 {[%emt 0:00:25]} 38. Ref3 {[%emt 0:01:05]} Rxf3 {[%emt 0:00:31]} 39. gxf3 {[%emt 0:00:23]} Bd7 {[%emt 0:00:28]} 40. Bc2 {[%emt 0:00:00]} Qf6 {[%emt 0:00:00]} 41. Kg2 {[%emt 0:02:18]} Rg8 {[%emt 0:06:21]} 42. Qh2 {[%emt 0:09:20]} Rf8 {[%emt 0:07:21]} 43. Qg1 {[%emt 0:07:17]} Qf4 {[%emt 0:07:01]} 44. Qc5 {[%emt 0:05:01]} Rf6 {[%emt 0:02:37]} 45. Qa7 {[%emt 0:02:15]} Qd2+ {[%emt 0:04:30]} 46. Qf2 {[%emt 0:00:44]} Qf4 {[%emt 0:00:02]} 47. Bd1 {[%emt 0:03:53]} Rh6 {[%emt 0:02:00]} 48. Be2 {[%emt 0:01:56]} Qd2 {[%emt 0:03:26]} 49. Kg1 {[%emt 0:03:08]} Qxb2 {[%emt 0:00:36]} 50. Qg2 {[%emt 0:06:22]} Qd4+ {[%emt 0:00:59]} 51. Kf1 {[%emt 0:00:05]} Qa1+ {[%emt 0:00:38]} 52. Kf2 {[%emt 0:00:01]} Qd4+ {[%emt 0:00:36]} 53. Kf1 {[%emt 0:00:32]} Qa1+ {[%emt 0:00:20]} 54. Kf2 Qd4+ {[%emt 0:00:14]} 55. Kf1 {[%emt 0:00:30]} Qa1+ {[%emt 0:00:18]} 1/2-1/2

[Event "5th EKA IIFL Investment 2019"]
[Site "Mumbai"]
[Date "2020.01.01"]
[Round "3.50"]
[White "Anadkat Kartavya"]
[Black "Luong, Phuong Hanh"]
[Result "0-1"]
[WhiteElo "2023"]
[BlackElo "2256"]
[Annotator "TA"]
[PlyCount "66"]
[EventDate "2019.12.30"]
[EventType "swiss"]
[EventCountry "IND"]
[SourceTitle "playchess.com"]
[Source "ChessBase"]
[SourceQuality "1"]

{[%evp 18,66,44,0,34,9,48,52,54,11,25,0,0,-27,25,19,41,39,79,79,78,51,86,69,84,62,125,133,182,127,128,133,144,135,146,112,117,97,171,91,96,13,27,18,31,7,40,37,42,-18,29]} 1. e4 c5 2. Nf3 e6 3. d3 Nc6 4. g3 d5 5. Nbd2 Nf6 6. Bg2 Be7 7. O-O O-O 8. Re1 dxe4 9. dxe4 e5 10. c3 Bg4 {C00: French: Unusual White 2nd moves} 11. h3 Bh5 12. Qc2 Qd7 {White is slightly better.} 13. a4 $146 ({Predecessor:} 13. Nh4 Ne8 14. Nf5 Nd6 15. Nf1 Rad8 16. N1e3 Bg6 17. Rd1 Qc8 18. a4 {1-0 (45) Pantsulaia,L (2591)-Oboladze,L (2226) Tbilisi 2017}) 13... Rad8 14. Nh2 Na5 15. Nhf1 Bg6 (15... c4 $142) 16. Ne3 $11 Qc7 17. Ndc4 Nc6 18. Nf5 Rfe8 19. Be3 b6 20. Qb3 Rb8 21. Bg5 a6 ({Better is} 21... Na5 $14 22. Nxa5 (22. Nxe7+ Qxe7 23. Qb5 Nxc4 $14) 22... bxa5) 22. Nce3 $16 b5 23. Nxe7+ (23. axb5 $18 axb5 24. Bxf6 Bxf6 25. Nd5) 23... Nxe7 24. Bxf6 gxf6 25. Qc2 Qc6 26. Qe2 bxa4 27. Ra2 Kh8 {[#]} (27... Nc8 $16) 28. Nc4 (28. Rea1 $1 $18) 28... Nc8 29. Rea1 (29. h4 $16) 29... Qb5 $11 30. Bf1 Nb6 31. f3 {[%mdl 1024] White has compensation.} Red8 32. Ne3 c4 33. Rd1 ({Much weaker is} 33. Nxc4 Nxc4 34. Qxc4 Qb6+ 35. Kh1 Qf2 $17 {[%mdl 64] Double Attack}) (33. g4 $14) 33... Qc5 {[%mdl 32768] Accuracy: White = 33%, Black = 39%. . Loss on time!?} 0-1

[Event "5th EKA IIFL Investment 2019"]
[Site "Mumbai"]
[Date "2020.01.01"]
[Round "3.51"]
[White "Fedorov, Alexei"]
[Black "Kulkarni, Vinayak"]
[Result "0-1"]
[WhiteElo "2562"]
[BlackElo "2167"]
[Annotator "TA"]
[PlyCount "60"]
[EventDate "2019.12.30"]
[EventType "swiss"]
[EventCountry "IND"]
[SourceTitle "playchess.com"]
[Source "ChessBase"]
[SourceQuality "1"]

{[%evp 9,82,0,14,9,6,0,0,0,12,13,20,10,12,8,13,15,15,0,0,0,0,-13,-4,-3,0,0,0,0,0,0,0,0,0,0,0,0,0,-18,-19,-29,0,-43,-51,-56,-59,-45,8,-21,0,-91,-86,-95,-39,-97,-89,-172,-148,-152,-137,-138,-147,-221,-65,-114,-108,-240,-195,-290,-294,-29985,-29986,-29986,-29987,-29993,-29994]} 1. e4 c5 2. d3 Nc6 3. f4 g6 4. Nf3 Bg7 5. Be2 e6 6. c3 {B21: Sicilian: 2 f4 and Morra Gambit} Nge7 7. Be3 d6 (7... b6 8. d4 d6 9. O-O O-O 10. Nbd2 Bb7 11. a3 h6 12. Bf2 Rc8 13. Rc1 Qd7 {½-½ (50) Kovalev,V (2649)-Bernadskiy,V (2594) Riga 2019}) 8. O-O {The position is equal.} O-O 9. Na3 b6 10. Qd2 Bb7 11. Rae1 $146 ({Predecessor:} 11. Rad1 Rc8 12. g4 {0-1 (63) Sackl,E (1890)-Manhardt,T (2152) Leitersdorf 2013}) 11... a6 12. Nc2 b5 13. a3 Na5 14. Qd1 Rc8 15. Kh1 Nb3 16. Bf2 c4 17. Bh4 Qd7 18. dxc4 Bxe4 19. Ne3 Nc5 20. cxb5 axb5 21. Nd4 Nd5 22. Nxd5 Bxd5 23. Bxb5 Qb7 24. Qe2 e5 (24... Bxd4 $5 25. cxd4 Nb3 $11) 25. Nc2 Bxg2+ $1 26. Qxg2 Qxb5 27. Nb4 e4 (27... exf4 $15 28. Rxf4 Rce8) 28. Nd5 Kh8 {Threatens to win with ...Nd3.} 29. Nf6 {[#]} (29. Bf6 $11) 29... d5 $1 $17 {[%mdl 512]} 30. f5 (30. Nxd5 Nd3) 30... Qc6 {Played: Nc5-d3} 0-1

[Event "5th EKA IIFL Investment 2019"]
[Site "Mumbai"]
[Date "2020.01.01"]
[Round "3.52"]
[White "Mohammad, Nubairshah Shaikh"]
[Black "Pranav, Shetty"]
[Result "1-0"]
[WhiteElo "2421"]
[BlackElo "2162"]
[Annotator "TA"]
[PlyCount "117"]
[EventDate "2019.12.30"]
[EventType "swiss"]
[EventCountry "IND"]
[SourceTitle "playchess.com"]
[Source "ChessBase"]
[SourceQuality "1"]

{[%evp 19,117,43,68,58,133,128,138,137,136,138,133,122,123,128,122,126,121,120,131,131,123,127,133,133,131,131,126,129,122,110,112,96,97,102,103,90,103,90,100,106,102,97,97,94,113,94,95,55,56,56,56,56,56,56,56,56,56,53,53,31,53,34,45,29,33,29,53,53,53,33,44,44,44,44,64,64,76,76,115,115,114,111,118,70,110,88,89,90,427,427,427,427,427,420,420,403,341,270,29979,29980]} 1. Nf3 Nf6 2. c4 g6 3. b3 Bg7 4. Bb2 O-O 5. g3 c5 6. Bg2 d6 7. d4 cxd4 8. Nxd4 d5 9. cxd5 Nxd5 10. O-O a6 11. Qd2 {A49: 1 d4 Nf6 2 Nf3 g6 3 g3: Anti-King's Indian systems} Nb6 (11... Nc7 $14) 12. Rd1 $1 $16 e5 {[#]} 13. Nf5 $1 {[%mdl 512] White is clearly better.} Qxd2 (13... Bxf5 14. Qxd8) 14. Ne7+ {[%mdl 64] Zwischenzug} Kh8 15. Rxd2 Be6 16. Nc3 {[%cal Bb1c3,Bc3d5,Bd5c7][%mdl 32]} Re8 $146 ({Predecessor:} 16... Ra7 17. Rad1 N6d7 18. Ncd5 b5 {1-0 (39) Kochyev,A (2505)-Hardicsay,P (2375) Stary Smokovec 1982}) 17. Ned5 Nxd5 18. Nxd5 {Black must now prevent Nc7.} ({Don't do} 18. Bxd5 $6 Bxd5 19. Nxd5 Nc6 $14) 18... Rd8 19. Rad1 Nc6 20. Nc7 Rxd2 21. Rxd2 Rd8 22. Rxd8+ Nxd8 23. Nxe6 fxe6 {[%mdl 4096] Endgame KBB-KBN} 24. Kf1 Kg8 25. Ke1 Kf7 26. Kd2 Ke7 27. h4 Kd6 28. Ba3+ Kd7 29. Kd3 b6 30. Be4 Bf6 31. Bc1 Kc7 32. Be3 Nf7 33. h5 gxh5 34. Bxh7 h4 $1 35. gxh4 Bxh4 36. Bg8 Ng5 $1 37. f3 Kc6 38. a4 b5 39. Bd2 Kd5 40. axb5 axb5 41. Bb4 Kc6 42. Bf8 Bg3 43. Bh6 Bh4 44. Ke3 Kd6 45. f4 Nh3 46. Bf8+ Kd7 47. fxe5 Bg3 48. Bg7 {Kf3 is the strong threat.} Nf4 49. Kf3 {Strongly threatening Bh6.} Bh2 {[#]} 50. Bh7 $1 {aiming for e3.} Nd5 51. Be4 Nc3 52. Ba8 {And now e3 would win.} Bg1 53. e3 {Threatens to win with Bf8.} Nd1 $2 {[%mdl 8192]} (53... Nb1 $16 {is tougher.}) 54. Bh6 $18 Bh2 {[#]} 55. Bf4 $1 {[%cal Rf4h2]} Bxf4 56. exf4 ({Less strong is} 56. Kxf4 Nc3 $16) 56... Kc7 57. Ke2 Nc3+ 58. Kd3 Nd1 $2 (58... Na2 $18 59. Bf3 Nc1+ 60. Kc2 Na2) 59. Bf3 {Accuracy: White = 61%, Black = 57%.} 1-0